000 00561cam a2200169 4500500
005 20260329002807.0
041 _afre
042 _adc
100 1 0 _aPortevin, Catherine
_eauthor
245 0 0 _aLa mélodie du tic-tac et autres bonnes raisons de perdre son temps
260 _c2013.
500 _a46
690 _aPierre Cassou-Noguès
690 _aTemps
786 0 _nPhilosophie magazine | 73 | 10 | 2013-10-01 | p. 62-62 | 1951-1787
856 4 1 _uhttps://shs.cairn.info/magazine-philosophie-magazine-2013-10-page-62?lang=fr&redirect-ssocas=7080
999 _c1818434
_d1818434